Southville International School and Colleges
Your cart is empty.
  • Cart
  • Lists
    Public lists Eva Luna New books Lux_list list_1
    Your lists Log in to create your own lists
  • Log in to your account
  • Your cookies
  • Search history
Southville International School and Colleges
  • Advanced search
  • Recent comments
  • Most popular
  • Libraries

Log in to your account

Log in with GOOGLE


If you do not have an external account, but do have a local account, you can still log in:

  1. Home
  2. MARC view: Intermediate accounting 1A
Normal view MARC view ISBD view

Intermediate accounting 1A (Record no. 347434)

[ view plain ]
MARC details
000 -LEADER
fixed length control field 00460nam a2200169Ia 4500
003 - CONTROL NUMBER IDENTIFIER
control field 0
005 - DATE AND TIME OF LATEST TRANSACTION
control field 20250329151340.0
008 - FIXED-LENGTH DATA ELEMENTS--GENERAL INFORMATION
fixed length control field 171205s9999 xx 000 0 und d
020 ## - INTERNATIONAL STANDARD BOOK NUMBER
International Standard Book Number 978-621-8029-16-3
050 ## - LIBRARY OF CONGRESS CALL NUMBER
Classification number HF 5635
Item number .M55 2020
100 ## - MAIN ENTRY--PERSONAL NAME
Personal name Millan, Zeus Vernon
245 ## - TITLE STATEMENT
Title Intermediate accounting 1A
Statement of responsibility, etc Zeus Vernon Millan
260 ## - PUBLICATION, DISTRIBUTION, ETC. (IMPRINT)
Name of publisher, distributor, etc Bandolin enterprises
Date of publication, distribution, etc C2020
Place of publication, distribution, etc Baguio City
300 ## - PHYSICAL DESCRIPTION
Extent 689pp.
Dimensions 23cm
500 ## - GENERAL NOTE
General note Accounting.
942 ## - ADDED ENTRY ELEMENTS (KOHA)
Source of classification or shelving scheme Library of Congress Classification
Koha item type Books
Holdings
Withdrawn status Lost status Source of classification or shelving scheme Damaged status Home library Current library Shelving location Date acquired Source of acquisition Total Checkouts Total Renewals Full call number Barcode Date last seen Date checked out Price effective from Koha item type
    Library of Congress Classification   College Library College Library Filipiniana Section 12/05/2017 Library Fund 6 11 HF 5635 .M55 2020 c21075 04/04/2025 03/13/2025 12/05/2017 Books

Intermediate accounting 1A

APA

Millan Z. V., . (2020). Intermediate accounting 1A. Baguio City: Bandolin enterprises.

Chicago

Millan Zeus Vernon, . 2020. Intermediate accounting 1A. Baguio City: Bandolin enterprises.

Harvard

Millan Z. V., . (2020). Intermediate accounting 1A. Baguio City: Bandolin enterprises.

MLA

Millan Zeus Vernon, . Intermediate accounting 1A. Baguio City: Bandolin enterprises. 2020.

  • Place hold
  • Print
  • Cite
  • Add to your cart (remove)
  • Save record
    BIBTEX Dublin Core MARCXML MARC (non-Unicode/MARC-8) MARC (Unicode/UTF-8) MARC (Unicode/UTF-8, Standard) MODS (XML) RIS
  • More searches
    Search for this title in:
    Other Libraries (WorldCat) Other Databases (Google Scholar) Online Stores (Bookfinder.com) Open Library (openlibrary.org)

Exporting to Dublin Core...

SOUTHVILLE LIBRARY

Southville International School and Colleges Library

1281 Tropical Ave. Cor. Luxembourg St., BF Homes International, Las Pinas City

Tel. No. 8256374 / 252358 Loc. 117/146

Powered by Koha